• 首页
  • 本馆介绍
  • 公告通知
  • 最新文献
  • 馆藏检索
  • 电子资源
  • 读者导购
  • 参考咨询
  • 我的图书馆
  • 登录
  • 详细信息显示
  • 放入我的书架
  • 预约/预借图书
  • 作者相关作品
  • 分类相关作品
  • 丛书相关作品
  • 出版社相关作品

书目信息

  • 表格格式
  • 工作单格式
  • 卡片格式
题名:
党在我心中
    
 
作者: 《党在我心中》编写组 编
分册:  
出版信息: 北京   中国青年出版社  2001
页数: 221页
开本: 20cm
丛书名:
单 册:
中图分类: D412.62
科图分类: 33.214
主题词: 思想政治教育:职工教育 , 职工教育:思想政治教育 , 演讲--中国--现代--选集
电子资源:
ISBN: 7-5006-4221-0
000 00860nam0 2200253 45
001 0192016273
005 20070719195650.03
010    @a7-5006-4221-0@dCNY9.50
100    @a19920528d2001 em y0chiy0121 ea
101 0  @achi
102    @aCN@b110000
105    @ay z 000yd
200 10 @a党在我心中@ADANG ZAI WO XIN ZHONG@EQUAN GUO ZHI GONG YAN JIANG BI SAI HUO JIANG ZUO PIN JI@f《党在我心中》编写组编@F《dang zai wo xin zhong》bian xie zu bian
210    @a北京@c中国青年出版社@d2001
215    @a221页@d20cm
540 1  @a党在我心中@ADANG ZAI WO XIN ZHONG
606    @a思想政治教育:职工教育
606    @a职工教育:思想政治教育
606    @a演讲@y中国@z现代@x选集
690    @aD412.62@v三版
692    @a33.214
701  0 @a《党在我心中》编写组@A《dang zai wo xin zhong》bian xie zu@4编
801  0 @aCN@bTSSF@c20070719
905    @a10447@dD412.62@e27
    
    党在我心中/《党在我心中》编写组编.-北京:中国青年出版社,2001
    221页;20cm
    
    
    ISBN 7-5006-4221-0:CNY9.50
    
●
相关链接 在E读中查询图书 在五车中查询图书 在当当中查询图书 在豆瓣中查询图书


正题名:党在我心中     索取号:D412.62/27         预约/预借

序号 登录号 条形码 馆藏地/架位号 状态 备注
1 0765330   207653305   第一样本阅览室/ [索取号:D412.62/27] 在馆    
2 0765494   207654947   第一借阅区/ [索取号:D412.62/27] 在馆    
3 0768784   207687840   第一借阅区/ [索取号:D412.62/27] 在馆    
4 0768833   207688331   第一借阅区/ [索取号:D412.62/27] 在馆    
5 0769461   207694618   密集书库/ [索取号:D412.62/27] 在馆    
6 0769462   207694627   密集书库/ [索取号:D412.62/27] 在馆    
唐山师范学院图书馆 欢迎您!
大连网信软件有限公司© 版权所有